Statistiken für Fußballer mit den meisten Instagram Followern

Klicken Sie hier um das Quiz zu spielen!

Allgemein

  • Dieses Quiz wurde 1.826 mal gespielt
    (100 seit der letzten Aktualisierung)
  • Das Durchschnittsergebnis liegt bei 23 aus 47

Antwortstatistiken

Follower (in Mio)NationSpieler% Korrekt
628PortugalCristiano Ronaldo
100%
30BrasilienRonaldo ("il Fenomeno")
100%
502ArgentinienLionel Messi
98%
220BrasilienNeymar
96%
113FrankreichKylian Mbappé
95%
64ÄgyptenMohamed Salah
82%
39NorwegenErling Haaland
79%
53WalesGareth Bale
76%
64SchwedenZlatan Ibrahimovic
76%
36PolenRobert Lewandowski
73%
30EnglandJude Bellingham
70%
49UruguayLuis Suarez
70%
35KroatienLuka Modric
70%
45DeutschlandToni Kroos
67%
46BrasilienVinicius Junior
61%
20MarokkoAchraf Hakimi
60%
52KolumbienJames Rodriguez
60%
87EnglandDavid Beckham
56%
76BrasilienRonaldinho
54%
26BelgienKevin de Bruyne
50%
63SpanienSergio Ramos
50%
20Costa-RicaKeylor Navas
48%
42FrankreichAntoine Griezmann
44%
61FrankreichPaul Pogba
44%
44FrankreichZinedine Zidane
43%
21ChileArturo Vidal
42%
76FrankreichKarim Benzema
42%
28BelgienEden Hazard
40%
27ArgentinienAngel di Maria
38%
44SpanienAndres Iniesta
37%
22BrasilienThiago Silva
33%
58ArgentinienPaulo Dybala
31%
22SpanienGerard Pique
30%
22BrasilienCasemiro
27%
24BrasilienKaka
24%
37BrasilienDani Alves
21%
28DeutschlandMesut Özil
21%
31ArgentinienKun Aguero
20%
67BrasilienMarcelo
20%
23FrankreichRaphael Varane
18%
24BrasilienDavid Luiz
17%
21SpanienIker Casillas
17%
23BrasilienGabriel Jesus
15%
23BrasilienRicharlison
13%
22SpanienAlvaro Morata
11%
24BrasilienPhilippe Coutinho
10%
31SpanienIsco
2%

Verteilung der Resultate

Perzentil nach korrekt beantworteten Fragen

Anzahl Personen mit jedem Resultat

Ihre Resultats-Entwicklung

Sie haben dieses Quiz seit der letzten Aktualisierung nicht gespielt